LEADER 00981nam a2200229 i 4500 001 000000140388 003 CaOOAMICUS 005 20061026000000.0 008 061026s1967 it u000 u ita u 013 $a114588 040 $aSeMil$bita 100 1 $aFamoso, Salvatore.$0(OLS)http://semarc/name/33718 245 10$aCommento alle nuove cerimonie :$bsecondo la istruzione del 4 maggio 1967 /$cSalvatore Famoso. 260 $aBrescia :$bQueriniana,$ccopyr. 1967. 300 $a116 p. ;$c20 cm. 650 4$aLiturgia - Riforma - Sec. 20.$0(OLS)http://semarc/subject/7510 650 4$aChiesa cattolica - Liturgia.$0(OLS)http://semarc/subject/2762 850 $aSeMil 852 $aSeMil$W1$xVenegono$y1$m3K III 57$j93767$B93767$CSeMilBibl$Z2$F117107 $81 961 $aRecupero: Altro 996 $6245$aCommento alle nuove cerimonie :$bsecondo la istruzione del 4 maggio 1967$9(OLS)http://semarc/title/205166 996 $6260$aBrescia :$bQueriniana$9(OLS)http://semarc/publisher/29615 LEADER 01047nam a2200241 i 4500 001 000000347900 003 CaOOAMICUS 005 20210927160256.0 008 210927s1910 it u000 u heb u 013 $a204801 040 $aSeMil$bita 100 1 $aBelli, Marco.$0(OLS)http://semarc/name/70169 245 10$a1: Morfologia /$cMarco Belli. 260 $aTorino :$bTipografia Pontificia Cav. Pietro Marietti,$c1910. 300 $a86 p. ;$c23 cm 773 0 $aBelli, Marco$tGrammatica elementare della lingua ebraica.$dTorino : Tipografia Pontificia Cav. Pietro Marietti, 1910.$gvol. 1$w()347899 850 $aSeMil 852 $aSeMil$W1$xVenegono$y1$m5A VIII 4/3$j229225$B238944$CSeMilBibl$Z2$F238944 $81 961 $aTimbro della Biblioteca Seminario Maggiore Milano 961 $aRecupero da Biblioteca Seminario Maggiore Milano 996 $6245$a1: Morfologia$9(OLS)http://semarc/title/437206 996 $6260$aTorino :$bTipografia Pontificia Cav. Pietro Marietti$9(OLS)http://semarc/publisher/33760 LEADER 01066nam a2200253 i 4500 001 000000249528 003 CaOOAMICUS 005 20160530000000.0 008 160530s2014 it u000 u ita u 013 $a228433 020 $a978-88-394-0868-6 040 $aSeMil$bita 245 12$aI primi due secoli. 260 $aBrescia :$bPaideia,$c2014. 300 $a364 p. ;$c23 cm. 490 0 $aIntroduzione allo studio della Bibbia. Supplementi ;$v62 773 0 $aFerguson, Everett$tBattesimo nella Chiesa antica.$dBrescia : Paideia, 2014.$kIntroduzione allo studio della Bibbia. Supplementi$g1$w()4603 830 0$aIntroduzione allo studio della Bibbia. Supplementi ;$v62.$0(OLS)http://semarc/title/5853 850 $aSeMil 852 $aSeMil$W1$xVenegono$y1$m2WA J 62$j251295$B199874$CSeMilBibl$Z2$F211392 $81 961 $aSottoscrizione: Paideia 996 $6020$a978-88-394-0868-6$9(OLS)http://semarc/number/259683 996 $6245$aI primi due secoli$9(OLS)http://semarc/title/351711 996 $6260$aBrescia :$bPaideia$9(OLS)http://semarc/publisher/29614 LEADER 01345nam a2200289 i 4500 001 000000190110 003 CaOOAMICUS 005 20100528000000.0 008 100528s1982 it u000 u ita u 013 $a168463 020 $a88-06-05426-0 040 $aSeMil$bita 100 1 $aSchmitt, Jean-Claude,$d<1946- >.$0(OLS)http://semarc/name/1369 240 13$aLe Saint-Lévrier : Guinefort, guérisseur d'enfants depuis le 13. siècle.$0(OLS)http://semarc/title/273864 245 13$aIl santo levriero :$bGuinefort guaritore di bambini /$cJean-Claude Schmitt. 260 $aTorino :$bGiulio Einaudi,$ccopyr. 1982. 300 $aVI, 273 p. :$bill. ;$c21 cm. 490 0 $aMicrostorie ;$v5 500 $aContiene : Appendice ; Bibliografia. 650 4$aGuinefort - Culto - Fonti.$0(OLS)http://semarc/subject/35860 650 4$aReligiosità popolare - Europa - Sec. 11. - 14.$0(OLS)http://semarc/subject/35861 830 0$aMicrostorie ;$v5.$0(OLS)http://semarc/title/31344 850 $aSeMil 852 $aSeMil$W1$xVenegono$y1$m3H II 266$j140739$B140739$CSeMilBibl$Z2$F152309 $81 996 $6020$a88-06-05426-0$9(OLS)http://semarc/number/180971 996 $6245$aIl santo levriero :$bGuinefort guaritore di bambini$9(OLS)http://semarc/title/273863 996 $6260$aTorino :$bGiulio Einaudi$9(OLS)http://semarc/publisher/29810 LEADER 01103nam a2200253 i 4500 001 000000203291 003 CaOOAMICUS 005 20110622000000.0 008 110622s1961 it u000 u ita u 013 $a182003 040 $aSeMil$bita 100 1 $aThomson, David.$0(OLS)http://semarc/name/20841 240 10$aEurope since Napoleon.$0(OLS)http://semarc/title/294343 245 10$aStoria d'Europa :$bdalla Rivoluzione Francese ai giorni nostri /$cDavid Thomson. 260 $aMilano :$bFeltrinelli,$c1961. 300 $a1076 p., [8] p. di tav. ;$c22 cm. 490 0 $aI fatti e le idee : Saggi e biografie ;$v31 500 $aContiene : Bibliografia. 650 4$aEuropa - Storia - Sec. 18.-20.$0(OLS)http://semarc/subject/38275 830 2$aI fatti e le idee ;$v31.$0(OLS)http://semarc/title/9191 850 $aSeMil 852 $aSeMil$W1$xVenegono$y1$m3U II 87$j153787$B153787$CSeMilBibl$Z2$F164605 $81 996 $6245$aStoria d'Europa :$bdalla Rivoluzione Francese ai giorni nostri$9(OLS)http://semarc/title/294342 996 $6260$aMilano :$bFeltrinelli$9(OLS)http://semarc/publisher/30237 LEADER 00947nam a2200241 i 4500 001 000000111375 003 CaOOAMICUS 005 20050708000000.0 008 050708s1978 it u000 u ita u 013 $a84057 040 $aSeMil$bita 100 1 $aPontiggia, Giuseppe,$d<1934-2003>.$0(OLS)http://semarc/name/16365 245 13$aIl giocatore invisibile :$bromanzo /$cGiuseppe Pontiggia. 250 $a2. Ed. 260 $aMilano :$bArnoldo Mondadori Editore,$c1978. 300 $a225 p. ;$c21 cm. 490 0 $aScritti italiani e stranieri 830 0$aScritti italiani e stranieri.$0(OLS)http://semarc/title/18431 850 $aSeMil 852 $aSeMil$W1$xVenegono$y1$m1O V 160$j67209$B67209$CSeMilBibl$Z2$F100026 $81 961 $aLascito: Colombo Card. Giovanni 996 $6245$aIl giocatore invisibile :$bromanzo$9(OLS)http://semarc/title/162090 996 $6260$aMilano :$bArnoldo Mondadori Editore$9(OLS)http://semarc/publisher/30056